Croatian cities - Sudden death - Statistics

General Stats
  • This quiz has been taken 3,818 times
  • The average score is 12 of 19
Answers on the Grid
Answers color-coded by a green-red scale on the quiz's grid according to % correct below.
Split
Niš
Rijeka
Zagreb
Ljubljana
Karlovac
Beograd
Osijek
Varaždin
Dubrovnik
Pula
Mostar
Banja Luka
Zadar
Šibenik
Maribor
Gospić
Skopje
Novi Sad
Imotski
Metković
Požega
Velika Gorica
Koper
Priština
Ogulin
Krapina
Vukovar
Široki Brijeg
Vinkovci
 
Answer Stats
Answer % Correct
Split
95%
Zagreb
89%
Dubrovnik
80%
Rijeka
76%
Zadar
72%
Pula
70%
Osijek
69%
Šibenik
63%
Karlovac
61%
Varaždin
61%
Vukovar
59%
Gospić
56%
Metković
53%
Požega
52%
Velika Gorica
51%
Vinkovci
51%
Krapina
50%
Ogulin
48%
Imotski
47%
No matching quizzes found
Score Distribution
Percent of People with Each Score
Percentile by Number Answered
Your Score History
You have not taken this quiz